000 00444nam a2200193Ia 4500
008 210210b1978 xxu||||| |||| 00| 0 eng d
082 _a581.1 SHAT
100 _aSHARMA (V K)
245 _aTextbook of plant physiology
260 _aDelhi
_bS. Nagin & Co
_c1978
300 _a228
650 _aTextbook
650 _aPlant Physiology
650 _aplant
650 _aphysiology
650 _aof
690 _aBotany
906 _a036067
999 _c86653
_d86653